000 00314nam a2200109Ia 4500
005 20251222144647.0
008 251222s9999||||xx |||||||||||||| ||spa||
082 _a363.8/J89
245 0 _aLineamientos de una Estrategia Andina de Alimentación y Nutrición
264 _bJunta del Acuerdo de Cartagena
942 _cLIB
999 _c16932
_d16932